000 01500nam a22002417a 4500
005 20250530164326.0
008 250414b |||||||| |||| 00| 0 eng d
020 _a9789004680401
040 _cSDCL
041 _2eng
_aeng
084 _aY15(V) R3
100 _aRudan, Paola
_9752240
245 _aWoman :
_bHistory and critique of a polemical concept
260 _aLeiden :
_bBrill,
_c2023.
300 _axxii, 139p.
490 _aStudies in critical social sciences
_vVolume 264
520 _aThe book follows the movements of the concept of “woman” from the Early modern to the post-colonial age, through the words of women who challenged its patriarchal definition. The concept of “woman” is doubly polemical. It affirms sexual difference as political difference, while denying the universal character of modern political concepts which represent the unity of the political and social order, exposing its fundamental division. At the same time, “woman” is a concept marked by differences ‒ of "race", class, culture ‒ that continually redetermine its content. To make the history of the concept of “woman” is thus to affirm a different perspective on history itself, a partial perspective that lays the groundwork for the feminist critique of the present.
650 _aPhilosophy / Political
_9811293
650 _aSocial Science / General
_9811278
650 _aFeminist theory, Women -- Historiography
_9811294
942 _2CC
_cTEXL
_n0
999 _c1308937
_d1308937